| 000 | 00772cam a2200277Li 4500 | ||
|---|---|---|---|
| 001 | 73252 | ||
| 005 | 20230410132614.0 | ||
| 008 | 010308s1999 xxu 000 1 eng d | ||
| 035 | _a(OCoLC)ocn491350332 | ||
| 040 |
_aZWZ _encafnor _bfre _cZWZ |
||
| 020 | _a0141181575 (br) | ||
| 020 | _a9780141181578 (br) | ||
| 029 | 0 |
_aZWZ _b055077471 |
|
| 035 | _a(OCoLC)491350332 | ||
| 037 | _a9780141181578 | ||
| 049 | _aGRAL | ||
| 050 | 1 | 4 |
_aPR 6013 _bG799l 1999 |
| 100 | 1 |
_aGreene, Graham, _d1904-1991 |
|
| 245 | 1 | 4 |
_aThe last word and other stories / _cGraham Greene. |
| 260 |
_aNew York (N.Y.) : _bPenguin books, _c1999. |
||
| 300 |
_aVII-149 p. ; _c20 cm. |
||
| 490 | 0 | _aPenguin Twentieth-Century classics | |
| 942 |
_2lcc _cbk |
||
| 994 |
_aC0 _bDRFGD |
||
| 946 | _aRCH | ||
| 999 |
_c84505 _d84505 |
||